| 000 | 00477nam a2200193Ia 4500 | ||
|---|---|---|---|
| 003 | OSt | ||
| 005 | 20230429123951.0 | ||
| 008 | 210423s2011 xx 000 0 und d | ||
| 020 | _a9788131755143 | ||
| 040 | _cAL | ||
| 041 | _aeng | ||
| 082 |
_a658.155 _223 _bJANS |
||
| 100 |
_aJANAKIRAMANAN (Sundaram). _995378 |
||
| 245 | _aDerivatives and risk management. | ||
| 260 |
_aNew Delhi _bPearson _c2011 |
||
| 300 |
_axxvii,513 _bPB |
||
| 365 |
_b465 _cINR |
||
| 942 |
_2ddc _cBK |
||
| 999 |
_c161372 _d161372 |
||